Statistiques concernant Mots cachés n°20

Cliquez ici pour prendre le quiz!

Statistiques générales

  • Ce quiz a été pris 96 fois
  • Le résultat moyen est 24 sur 25

Statistiques - réponses

QuestionTuileSelect% Correct
mètre, trop, melon et thon.ANon
100%
mètre, trop, melon et thon.BNon
100%
mètre, trop, melon et thon.SNon
100%
mètre, trop, melon et thon.ONon
99%
mètre, trop, melon et thon.LNon
98%
mètre, trop, melon et thon.ONon
97%
mètre, trop, melon et thon.ONon
97%
mètre, trop, melon et thon.TOui
97%
mètre, trop, melon et thon.ENon
95%
mètre, trop, melon et thon.EOui
95%
mètre, trop, melon et thon.LOui
95%
mètre, trop, melon et thon.MOui
95%
mètre, trop, melon et thon.ONon
95%
mètre, trop, melon et thon.ROui
95%
mètre, trop, melon et thon.HOui
94%
mètre, trop, melon et thon.NOui
94%
mètre, trop, melon et thon.OOui
94%
mètre, trop, melon et thon.OOui
94%
mètre, trop, melon et thon.POui
94%
mètre, trop, melon et thon.ROui
94%
mètre, trop, melon et thon.TOui
94%
mètre, trop, melon et thon.EOui
93%
mètre, trop, melon et thon.TOui
92%
mètre, trop, melon et thon.OOui
90%
mètre, trop, melon et thon.EOui
89%

Distribution des résultats

Percentile par nombre de réponses

% des personnes avec chaque résultat

Votre développement - résultats

Vous n’avez pas pris ce quiz